Materials and processes in manufacturing (Record no. 4589)

000 -LEADER
fixed length control field 00397nam a22001457a 4500
008 - FIXED-LENGTH DATA ELEMENTS--GENERAL INFORMATION
fixed length control field 200814b ||||| |||| 00| 0 eng d
082 00 - DEWEY DECIMAL CLASSIFICATION NUMBER
Classification number 671
Item number D3172
100 ## - MAIN ENTRY--PERSONAL NAME
9 (RLIN) 3667
Personal name DeGarmo, E. Paul
245 10 - TITLE STATEMENT
Title Materials and processes in manufacturing
260 ## - PUBLICATION, DISTRIBUTION, ETC. (IMPRINT)
Place of publication, distribution, etc New York
Name of publisher, distributor, etc Macmillan
Date of publication, distribution, etc 1961
300 ## - PHYSICAL DESCRIPTION
Extent 170 p.
365 ## - TRADE PRICE
Unit of pricing 32.62
650 #0 - SUBJECT ADDED ENTRY--TOPICAL TERM
Topical term or geographic name as entry element Manufacturing processes
942 ## - ADDED ENTRY ELEMENTS (KOHA)
Item type Books
Holdings
Withdrawn status Lost status Source of classification or shelving scheme Damaged status Not for loan Permanent location Current location Date acquired Source of acquisition Full call number Barcode Date last seen Koha item type
          IMU Kolkata IMU Kolkata 1962-03-24 Graford Books and stationary 671 D3172 02784 2020-08-14 Books
Designed and Maintained by IMU-KC Library, Kolkata Campus © Copyright All Rights Reserved

webs counters

Powered by Koha